Normal view
MARC view
- Barry Render , Ralph M. Stair and Michael E. Hanna and Trevor S. Hale and T.N. Badri
Entry Personal Name
001 - CONTROL NUMBER
- control field: 2016
003 - CONTROL NUMBER IDENTIFIER
- control field: OSt
005 - DATE AND TIME OF LATEST TRANSACTION
- control field: 20180911153750.0
008 - FIXED-LENGTH DATA ELEMENTS
- fixed length control field: 180911|| aca||aabn | a|a d
040 ## - CATALOGING SOURCE
- Original cataloging agency: OSt
100 ## - HEADING--PERSONAL NAME
- Personal name: Barry Render , Ralph M. Stair and Michael E. Hanna and Trevor S. Hale and T.N. Badri
